Kraje zagraniczne, z których piłkarze grają w Ekstraklasie - Statystyki

Ogólne statystyki
  • Ten quiz został rozwiązany 222 razy
  • Średni wynik to 32 z 52
Statystyki odpowiedzi
Liczba piłkarzy Kraj % Poprawnych
4 Niemcy
95%
16 Hiszpania
94%
22 Portugalia
92%
5 Szwecja
91%
2 Francja
88%
17 Słowacja
88%
2 Rosja
87%
16 Czechy
86%
5 Ukraina
86%
9 Brazylia
85%
1 Norwegia
85%
2 Finlandia
81%
1 Litwa
81%
3 Łotwa
80%
11 Chorwacja
79%
11 Serbia
79%
4 Słowenia
79%
3 Grecja
78%
1 Anglia
77%
5 Austria
76%
3 Holandia
76%
1 Japonia
74%
1 Turcja
73%
2 Węgry
73%
2 Belgia
72%
1 Dania
70%
3 Rumunia
69%
2 Bułgaria
67%
6 Bośnia i Hercegowina
66%
2 Albania
65%
1 Szkocja
62%
3 Gruzja
60%
2 Kosowo
58%
2 Macedonia Północna
58%
1 Australia
55%
2 Czarnogóra
55%
1 Kazachstan
50%
1 Republika Południowej Afryki
50%
1 Nigeria
47%
1 Ghana
45%
2 Azerbejdżan
44%
1 Kamerun
44%
2 Izrael
39%
1 Wybrzeże Kości Słoniowej
39%
1 Indonezja
32%
1 Wenezuela
28%
1 Mali
22%
1 Kostaryka
20%
1 Afganistan
16%
1 Gwinea Bissau
9%
1 Gambia
8%
1 Mauritius
8%
Nie znaleziono quizów pasujących do podanych kryteriów
Rozkład punktacji
Procent ludzi z każdym wynikiem
Percentyl według liczby udzielonych odpowiedzi
Twoja historia wyników
Nie rozwiązałeś tego quizu